000
00303nam a2200133Ia 4500
008
231129s1974||||xx |||||||||||||| ||spa||
040
_b
spa
082
_a
Cu863 M378p
100
_a
Martí José
245
0
_a
Páginas escogidas
260
_c
1974
264
_a
Ciencias Sociales
942
_2
ddc
_c
BKS
999
_c
22298
_d
22298